000 00465nam a2200145 4500
999 _c10399
_d10399
008 180824b ||||| |||| 00| 0 eng d
022 _a2094-8042
082 _aDPer 370.105 M72 Jan-Dec 2011 v59-60
100 _930562
_aDe la Cruz, Clarybel Bonilla.
245 _aSampaguita/
_cClarybel Bonilla De la Cruz.
260 _aPhilippines:
_bIn the Grade School, Inc.,
_cc2011.
300 _av60 n2, page 76;
_c27cm.
650 0 _930563
_aPoetry.
942 _2ddc
_cPER